Cargando...
Farm machinery
| Autor principal: | |
|---|---|
| Formato: | Printed Book |
| Lenguaje: | Undetermined English |
| Publicado: |
London
Farming press Ltd.
1979
|
| Materias: |
| LEADER | 00546nam a2200181Ia 4500 | ||
|---|---|---|---|
| 008 | 140306s9999 xx 000 0 und d | ||
| 041 | |a eng | ||
| 082 | |a 631.3 |b BEWL/FA | ||
| 100 | |a Bell, B | ||
| 245 | |a Farm machinery | ||
| 250 | |||
| 260 | |a London |b Farming press Ltd. |c 1979 | ||
| 300 | |a 249 | ||
| 365 | |b Rs.5 | ||
| 650 | |a Agricultural engineering | ||
| 942 | |2 ddc |c BK | ||
| 999 | |c 117460 |d 117460 | ||
| 952 | |0 0 |1 0 |2 ddc |4 0 |6 631_300000000000000_BEWLFA |7 0 |9 116376 |a KAUHCV |b KAUHCV |d 2004-04-29 |g 5.00 |o 631.3 BEWL/FA |p KAU_HCV-16172 |r 2014-03-22 |w 2014-03-22 |y BK | ||